000 00408nam a2200133Ia 4500
005 20260326235456.0
008 260326s9999||||xx |||||||||||||| ||und||
100 _aSaldarriaga Roa, Alberto
245 0 _aLa Casa en la Arquitectura Moderna Colombiana 1930-1990 :
_b Bogotá, Cali y Medellín /
_cAlberto Saldarriaga Roa
260 _bPlenty
300 _a81 p.
650 _aARQUITECTURA REGIONAL
942 _cBK
999 _c7947
_d7947